000 00706nam a22002297a 4500
999 _c14649
_d14649
003 AR-CdUCM
008 190424b ||||| |||| 00| 0 spa d
020 _a978-84-683-1553-9
040 _aMUNICIPALIDAD PROVINCIAL DEL CUSCO
_cBIBLIOTECA MUNICIPAL DEL CUSCO
082 _aEP / 808.06 /
_bM79
100 _aMoore Mallinos, Jennifer
_933350
245 _aVideovampiros /
260 _aBarcelona :
_bEdebé.
_c2015.
300 _a31 páginas :
_c24 cm.
_bIlustración,
440 _aLecciones de vida
_932952
650 _aHistorias
_92725
650 _aVideovampiros
_933511
650 _aEntretenimiento
_915681
700 _aMazali, Gustavo
_933512
942 _2ddc
_cLIBROS
945 _arah
_d24/04/2019